| 000 | 01024 a2200217 4500 | ||
|---|---|---|---|
| 003 | Nust | ||
| 005 | 20221116101950.0 | ||
| 010 | _a 2004057054 | ||
| 020 | _a0321237072 (alk. paper) | ||
| 040 | _cNust | ||
| 082 | 0 | 0 | _a512.72,HUS |
| 100 | 1 |
_aRosen, Kenneth H. _917956 |
|
| 245 | 1 | 0 |
_aElementary number theory and its applications / _cKenneth H. Rosen. |
| 246 | 3 | 0 | _aElementary number theory |
| 250 | _a2nd ed. | ||
| 260 |
_aBoston : _bPearson/Addison Wesley, _cc2005. |
||
| 300 |
_axx, 721 p. : _bill. ; _c25 cm. |
||
| 505 | _aThe Intrgers (Page-1), Greatest Common Divisiors and Prime Facrorization (Page-70), Congruences (Page-110), Applications of Congruences (Page-147), Some Specia congruences (Page-166), Multiplicative functions (Page-185), Cryptology (Page-208), Primitive Roots (Page-249), Quadratic Residues and Reciprocity (Page-299), Decimal Fractions and Contiued Fractons (Page-343), Some Nomlinear Diophantine Equations (Page-393). | ||
| 650 | 0 |
_aNumber theory. _93455 |
|
| 942 |
_2ddc _cBK _k512.72,HUS |
||
| 999 |
_c178253 _d178253 |
||